000 00781cam a22002414a 4500
001 22346913
005 20250712155937.0
006 m |o d |
007 cr |||||||||||
008 020510s2002 ilu ob 001 0 eng
020 _a9780830877270
_qebook
020 _z0830826955 (US : alk. paper)
020 _z0851117821 (UK : alk. paper)
050 0 0 _aBT77
082 0 0 _a230
_221
100 1 _aOlson, Roger E.
245 1 4 _aThe mosaic of Christian belief :
_btwenty centuries of unity and diversity /
_cRoger E. Olson.
260 _aDowners Grove, Ill. :
_bInterVarsity Press ;
_aLeicester, England :
_bApollos,
_cc2002.
300 _a1 online resource (367 p.)
650 0 _aTheology, Doctrinal
_vPopular works.
650 0 _aEvangelicalism.
942 _2lcc
_cBK
_n0
999 _c6943
_d6943